000 00729nam a2200289Ia 4500
005 20260324132658.0
008 008 260324s9999 xx 000 0 eng d
020 _a9780203764596
037 _aEBOOK
040 _aCRL
040 _beng
040 _cCRL
041 _2eng
041 _aeng
084 _qCRL
100 _aP. Karen Murphy
_91190201
245 0 _aRediscovering the Philosophical Roots of Educational Psychology
245 2 _bA Special Issue of educational Psychologist
260 _bTaylor and Francis
260 _c2004
365 _a
365 _b79.99
856 _uhttp://www.taylorfrancis.com/books/9780203764596
942 _cEBOOK
999 _c1788514
_d1788514